000 00465nam a2200169Ia 4500
008 131103s9999 xx 000 0 und d
040 _aLoreto College
041 _aEnglish
082 _a371.9/LOE
_bLCBED/503
100 _aLoewy, Herta
245 4 _aThe retarded child
_b a guide for parents and teachers
_cHerta Loewy
260 _aLondon
_bStaples press
_c1951
300 _a160p.
_c 22cm.
650 _aEducation
850 _aLCBED/371.9/LOE
942 _cBK
999 _c26016
_d76495